Loading...

Extension And Management In Watershed Development

Bibliographic Details
Main Author: Purushottam Baldeo Singh
Format: Printed Book
Published: New Delhi Concept Publishing Company
Subjects:
LEADER 00687nam a22001577a 4500
020 |a 81-80696855 
082 |a 630.715 PUR/EX 
100 |a Purushottam  |a Baldeo Singh 
245 |a Extension And Management In Watershed Development 
260 |a New Delhi  |b Concept Publishing Company 
300 |a 158 
650 |a map showing locale of study  |a organizational chart 
942 |c BK 
999 |c 168597  |d 168597 
952 |0 0  |1 0  |4 0  |6 630_715000000000000_PUR_EX  |7 0  |9 173273  |a KAUCOAP  |b KAUCOAP  |d 2016-02-12  |o 630.715 PUR/EX  |p KAU_COAP07137  |r 2016-02-12  |w 2016-02-12  |y BK 
952 |0 0  |1 0  |4 0  |6 630_715000000000000_PUR_EX  |7 0  |9 173274  |a KAUCOAP  |b KAUCOAP  |d 2016-02-12  |o 630.715 PUR/EX  |p KAU_COAP07136  |r 2016-02-12  |w 2016-02-12  |y BK